Servir a señor discreto

Salvato in:
Dettagli Bibliografici
Autore principale: Vega, Lope de (Autore)
Natura: Libro
Lingua:spagnolo
Pubblicazione: Madrid Castalia 1975
Serie:Clásicos Castalia, 68
Soggetti:
Tags: Aggiungi Tag
Nessun Tag, puoi essere il primo ad aggiungerne!!

MARC

LEADER 00000nam a2200000 a 4500
001 UCQ6148
003 CL-VaPUC
008 981009e19750000SP |||||||||||||||||spa|d
082 0 4 |a 862  |b VEG  |2 21 
100 0 |a Vega, Lope de  |e author  |9 319628 
245 1 0 |a Servir a señor discreto 
300 |a 323 p 
942 |c BK 
945 |d 19981009 00:00:00  |a crobeson 
260 |a Madrid  |b Castalia  |c 1975 
650 0 |a Dramas españoles  |9 267081 
650 0 |a Literatura española  |9 306261 
583 |a last modification  |c 19981009 00:00:00  |k Rodrigo Vera 
490 0 |a Clásicos Castalia, 68 
999 |c 276150  |d 276148 
952 |0 0  |1 0  |4 0  |6 862_000000000000000_VEG_1975  |7 0  |8 A  |9 313285  |a BIBEDU  |b BIBEDU  |d 2019-11-20  |i 1476335  |o 862 VEG 1975  |p 1476335  |r 2019-11-20  |w 2019-11-20  |y BK  |k LIT